| 000 | 00000nas 2200000za 4500 |
| 001 | 9.848769 |
| 003 | CaOODSP |
| 005 | 20221107153746 |
| 007 | cr ||||||||||| |
| 008 | 171214d20012004oncar p oss||f0 b0fre|d |
| 022 | # |a1912-614X |
| 040 | |aCaOODSP|bfre |
| 043 | |an-cn-sn |
| 086 | 1 |aNH12-79F-pdf |
| 130 | 0 |aRapport sur les logements locatifs. |pRegina (En ligne) |
| 222 | 0|aRapport sur les logements locatifs. Regina |b(En ligne) |
| 245 | 10|aRapport sur les logements locatifs. |pRegina |h[ressource électronique]. |
| 260 | |a[Ottawa] : |bSociété canadienne d'hypothèques et de logement, |c[2001-2004] |
| 310 | |aAnnuel |
| 362 | 1 |a2001-2004. |
| 500 | |aTitre de départ. |
| 500 | |aPubl. aussi en anglais sous le titre: Rental market report. Regina CMA. |
| 692 | 07|2gccst|aLogement |
| 692 | 07|2gccst|aTaux |
| 710 | 2 |aSociété canadienne d'hypothèques et de logement. |
| 775 | 08|tRental market report. |w(CaOODSP)9.504571 |
| 785 | 00|tRapport sur le marché locatif. |w(CaOODSP)9.500986 |